Les stades de PL 2024/2025 - Statistiques

Statistiques générales
  • Ce quiz a été pris 113 fois
  • Le résultat moyen est 10 sur 20
Statistiques - réponses
Stade Club % Correct
Emirates Stadium Arsenal
99%
Villa Park Aston Villa
96%
Anfield Liverpool
91%
Etihad Stadium Manchester City
91%
Tottenham Hotspur Stadium Tottenham
88%
Stamford Bridge Chelsea
87%
Old Trafford Manchester United
84%
Goodison Park Everton
72%
St James' Park Newcastle United
40%
Craven Cottage Fulham
39%
King Power Stadium Leicester City
35%
London Stadium West Ham United
34%
Vitality Stadium Bournemouth
31%
Selhurst Park Crystal Palace
31%
Molineux Stadium Wolverhampton
29%
St. Mary's Stadium Southampton
25%
Gtech Community Stadium Brentford
24%
Amex Stadium Brighton
22%
Portman Road Ipswich Town
13%
City Ground Notthingham Forest
1%
Aucun quiz correspondant
Distribution des résultats
% des personnes avec chaque résultat
Percentile par nombre de réponses
Votre historique - résultats
Vous n’avez pas pris ce quiz